Prof. G Ram Reddy Library

Head first Object-Oriented Analysis and Design A Brain Friendly Guide to OOA&D (Record no. 78954)

MARC details
000 -LEADER
fixed length control field 00496nam a2200181Ia 4500
003 - CONTROL NUMBER IDENTIFIER
control field LDD
008 - FIXED-LENGTH DATA ELEMENTS--GENERAL INFORMATION
fixed length control field 181029s9999 xx 000 0 und d
020 ## - INTERNATIONAL STANDARD BOOK NUMBER
Terms of availability 425.00
040 ## - CATALOGING SOURCE
Transcribing agency LDD
245 #0 - TITLE STATEMENT
Title Head first Object-Oriented Analysis and Design A Brain Friendly Guide to OOA&D
260 ## - PUBLICATION, DISTRIBUTION, ETC.
Date of publication, distribution, etc. 2006
300 ## - PHYSICAL DESCRIPTION
Extent 634
365 ## - TRADE PRICE
Price amount 425.00
901 ## - LOCAL DATA ELEMENT A, LDA (RLIN)
a 3905
b 29-03-2007
902 ## - LOCAL DATA ELEMENT B, LDB (RLIN)
a 1397
b 07-05-2007
c F
d BB
e 0
903 ## - LOCAL DATA ELEMENT C, LDC (RLIN)
a Discount-10
b Reqst by : Moumita Das
942 ## - ADDED ENTRY ELEMENTS (KOHA)
Source of classification or shelving scheme Dewey Decimal Classification
Koha item type Books
Holdings
Withdrawn status Lost status Source of classification or shelving scheme Damaged status Not for loan Home library Current library Total Checkouts Barcode Date last seen Price effective from Koha item type Public note
No   Dewey Decimal Classification     Library and Documentation Division Library and Documentation Division   062287 11/01/2018 11/01/2018 Books Lost

© Prof. G Ram Reddy Centre Library, Indira Gandhi National Open University, Maidan Garhi, New Delhi, 110068
+91-011-29532797 | FAX+91-011-29533393 |